000 00217nam a2200097Ia 4500
008 240331s9999 xx 000 0 und d
082 _bCAR
100 _aCarter, C
245 2 _aA Sinhalese-English dictionary
942 _cL
999 _c3262
_d3262